Guess The Band Logos - Statistics

General Stats
  • This quiz has been taken 221 times
  • The average score is 10 of 16
Answer Stats
Picture Answer % Correct
The Beatles
96%
Nirvana
90%
Rolling Stones
89%
Green day
87%
Guns N' Roses
79%
Van Halen
74%
Foo Fighters
73%
Red Hot Chilli Peppers
72%
Queen
70%
Radiohead
47%
Linken Park
45%
Weezer
45%
Fall Out Boy
44%
The Who
40%
Bon Jovi
31%
Ween
6%
No matching quizzes found
Score Distribution
Percent of People with Each Score
Percentile by Number Answered
Your Score History
You have not taken this quiz